Dovolenka zdarma s hodinkami na ruke Doprajte si pocit nemyslieť na peniaze s Ruefa CS, zaplaťte si zájazd All inclusive

Činnosť cestovnej kancelárie Ruefa CS, s.r.o., pobočky rakúskej cestovnej kancelárie Rueffa Reisen AG. Predaj zahraničných zájazdov. All inclusive zájazdy.

Salvato in:
Dettagli Bibliografici
Autore principale: Krištofičová, Dagmar
Natura: Capitolo di libro
Lingua:slovacco
Soggetti:
Tags: Aggiungi Tag
Nessun Tag, puoi essere il primo ad aggiungerne!!

MARC

LEADER 00000naa a2200000 4500
001 r021522
005 20251104123806.0
041 0 |a slo 
044 |a SK 
245 1 0 |a Dovolenka zdarma s hodinkami na ruke  |b Doprajte si pocit nemyslieť na peniaze s Ruefa CS, zaplaťte si zájazd All inclusive  |c Dagmar Krištofičová 
520 |a Činnosť cestovnej kancelárie Ruefa CS, s.r.o., pobočky rakúskej cestovnej kancelárie Rueffa Reisen AG. Predaj zahraničných zájazdov. All inclusive zájazdy. 
610 2 0 |a ruch cestovný 
610 2 0 |a kancelárie cestovné 
610 2 0 |a Ruefa Reisen, s.r.o. Bratislava 
610 2 0 |a podnikanie 
100 1 |a Krištofičová, Dagmar